|
|
|
|
| LEADER |
00000cam a2200000 4500 |
| 001 |
vtls011728976 |
| 003 |
SK-MaSNL |
| 005 |
20260302021334.0 |
| 008 |
200104s2017 xo g 000 jdslo |
| 015 |
|
|
|a SNBA2018/02
|
| 020 |
|
|
|a 9788081750427
|q (brožované)
|
| 035 |
|
|
|a urn:nbn:sk:snk-am00d0zq
|
| 035 |
|
|
|a urn:nbn:sk:snk-am3hhze
|
| 035 |
|
|
|a EEB04150-CFB8-4672-8325-E4ED62AD6B50
|
| 040 |
|
|
|a SNK
|b slo
|c SNK
|e rda
|
| 041 |
1 |
|
|a slo
|h ger
|
| 044 |
|
|
|a xo
|c SK
|
| 072 |
|
7 |
|a 27-5
|x Liturgia. Kresťanské umenie a symbolika. Duchovný život
|2 konspekt
|
| 080 |
|
|
|a 27-584
|2 2011
|
| 080 |
|
|
|a 27-184.2-58
|2 2011
|
| 080 |
|
|
|a 27-543.3
|2 2011
|
| 080 |
|
|
|a (0:82-4)
|2 2011
|
| 100 |
1 |
|
|a Busch, Wilhelm,
|d 1897-1966
|4 aut
|9 108072
|
| 240 |
1 |
0 |
|a Leben ohne Alltag!
|l Slovensky
|
| 245 |
1 |
0 |
|a Život bez všedných dní
|b (Malé príbehy 4)
|c Wilhelm Busch ; preložil: Tomáš Gáll
|
| 246 |
3 |
0 |
|a Malé príbehy 4
|
| 264 |
|
1 |
|a Kežmarok
|b ViViT
|c 2017
|
| 300 |
|
|
|a 71 strán
|c 19 cm
|
| 336 |
|
|
|a text
|b txt
|2 rdacontent
|
| 337 |
|
|
|a bez média
|b n
|2 rdamedia
|
| 338 |
|
|
|a zväzok
|b nc
|2 rdacarrier
|
| 500 |
|
|
|a Preložil: Tomáš Gáll podľa 3. vydania Leben ohne Alltag!
|
| 600 |
0 |
7 |
|a Ježiš Kristus
|2 SNKMA
|
| 600 |
1 |
7 |
|a Busch, Wilhelm,
|d 1897-1966
|2 SNKMA
|9 108072
|
| 650 |
0 |
7 |
|a duchovný život
|2 SNKPH
|9 1807
|
| 650 |
0 |
7 |
|a náboženské skúsenosti
|2 SNKPH
|9 87708
|
| 650 |
0 |
7 |
|a apoštolské vyznanie viery
|2 SNKPH
|9 78780
|
| 650 |
0 |
7 |
|a Spiritual life
|2 SNKPHeng
|9 265583
|
| 650 |
0 |
7 |
|a Religious experiences
|2 SNKPHeng
|9 315418
|
| 650 |
0 |
7 |
|a Apostles' Creed
|2 SNKPHeng
|9 427504
|
| 655 |
|
7 |
|a úvahy
|2 SNKPH
|9 29403
|
| 655 |
|
7 |
|a Essays
|2 SNKPHeng
|9 267540
|
| 655 |
|
7 |
|a nemecké prózy
|2 SNKPH
|9 70663
|
| 655 |
|
7 |
|a German prose
|2 SNKPHeng
|9 278917
|
| 919 |
|
|
|a 978-80-8175-042-7
|
| 958 |
|
|
|a DE
|
| 958 |
|
|
|a UP
|
| 958 |
|
|
|a LX
|
| 999 |
|
|
|c 1028515
|d 1030445
|
| 952 |
|
|
|a SNK
|b SNK
|y PREZ
|7 0
|p 17A1306750
|o snkSD 86879
|i snk2018/409
|8 0
|0 0
|1 0
|4 0
|d 2018-01-09
|f 1
|l 0
|r 2026-02-24 13:46:19
|w 2026-02-24
|
| 952 |
|
|
|a SNK
|b SNK
|y VYP
|7 0
|p 17A1306751
|o snkSD 86879 D1
|i snk2018/410
|8 0
|z 2712/17
|0 0
|1 0
|4 0
|d 2018-01-09
|l 0
|r 2026-02-24 13:46:20
|w 2026-02-24
|